000 00709nam a2200241Ia 4500
001 dia_277
003 CHAP
005 20221213093044.0
008 220117s1986 xx 000 0 und d
010 _a170830
020 _a968-18-1873-3
040 _cCHAP
082 _a658.302 r3
100 _aRamirez Cavassa, Cesar
_9148038
245 _aCursos Para Supervisores de Producción /
_c por Cesar Ramirez Cavassa
260 _aMéxico, Limusa
_c1986
300 _a221p.
600 _a1Supervisores 2. Personal-Administración 3. Eficiencia Industrial
_9148039
901 _a658.302 R3
902 _aM
905 _a0000001986 mx A 0000000000spa00
942 _cLIBRO
_2ddc
999 _c170830
_d170830